00170nam a2200073Ia 4500008004100000100000900041245001900050260002700069190216s9999||||xx |||||||||||||| ||und|| aNull 0aHindi-Thalasha bVikas Publishing House